| 000 | 00000nam 2200000zi 4500 |
| 001 | 9.931388 |
| 003 | CaOODSP |
| 005 | 20251103145125 |
| 006 | m o d f |
| 007 | cr mn||||||||| |
| 008 | 231212e202212 oncd ob f000 0 fre d |
| 040 | |aCaOODSP|bfre|erda|cCaOODSP |
| 043 | |an-cn--- |
| 086 | 1 |aJ2-893/4-2022F-PDF |
| 245 | 00|aMinistère de la Justice Canada Sondage sur la satisfaction des clients des services juridiques : |brésultats du sondage – cycle IV (2020-2022) / |cpréparé par la Division de la planification, rapports et risques ministériels, Secteur de la gestion. |
| 264 | 1|a[Ottawa] : |bMinistère de la justice Canada = Department of Justice Canada, |cDécembre 2022. |
| 300 | |a1 ressource en ligne (iv, 38 pages) : |bgraphiques en couleur |
| 336 | |atexte|btxt|2rdacontent/fre |
| 337 | |ainformatique|bc|2rdamedia/fre |
| 338 | |aressource en ligne|bcr|2rdacarrier/fre |
| 500 | |aPublié aussi en anglais sous le titre : Department of Justice Canada Legal Services Client Feedback Survey : survey results - cycle IV (2020-2022). |
| 504 | |aComprend des références bibliographiques. |
| 610 | 16|aCanada. |bMinistère de la justice|xÉvaluation. |
| 650 | 6|aServices juridiques|zCanada|xÉvaluation. |
| 710 | 1 |aCanada. |bMinistère de la justice, |eorganisme de publication. |
| 775 | 08|tDepartment of Justice Canada Legal Services Client Feedback Survey : |w(CaOODSP)9.930213 |
| 856 | 40|qPDF|s1.13 Mo|uhttps://publications.gc.ca/collections/collection_2023/jus/J2-893-4-2022-fra.pdf |
| 856 | 4 |qHTML|sS.O.|uhttps://www.justice.gc.ca/fra/pr-rp/pm-cp/rr-dpr/2022/sur/index.html |